000 01527cab a2200205 4500
001 ABS37077
008 090401t1986 xxu||||| |||| 00| 0 eng d
035 _a(Sirsi) u2149
041 _aeng
245 _aD & J McDougall Ltd v Argyll and Bute DC
260 _c1986
350 _a0
490 _aScots Law Times
_v1986 SLT 564-570(7)
520 _aOuter House 29 March 1985. Action by contractors against local authority for payment of sum contractually due or due as damages for breach of contract on the modernisation of houses at Oban, Scotland . The work took place under JCT 1963 (Local Authorities with Quantities July 1972 revision), amended by Scottish Supplement July 1972. The contract provided that the works would be remeasured completely by the employers` quantity surveyors . As the works progressed, measurements were taken by the contractors and by the employers` quantity surveyors and were eventually agreed upon. A final figure was also agreed. Various disputes arose between the parties and the employers were called upon to submit these to arbitration . JCT 1963 clause 35(7) provided that "No action shall lie ... unless such action is raised or such proceedings are instituted within 3 years after the receipt by the contractor of the priced Bills of Variation ." The employers contended that the contractors claims were ti
650 _aBUILT ENVIRONMENT-BUILDING CONTRACT FORMS
650 _aContracts
_96232
690 _aBUILDING AND CONSTRUCTION-CASE LAW
942 _n0
948 _c04/03/1997
999 _c1292
_d1292